| 000 | 00395nam a2200157Ia 4500 | ||
|---|---|---|---|
| 005 | 20250808110706.0 | ||
| 008 | 191130s2006##################000#0#eng## | ||
| 020 |
_a9780755329762 _qpbk |
||
| 041 | _aeng | ||
| 082 | _a823.914 HOL | ||
| 100 | _aHolden, Wendy | ||
| 245 |
_aFame fatale _cWendy Holden |
||
| 260 |
_aLondon _bHeadline Review _c2006 |
||
| 300 | _a503 p. ; 19 cm | ||
| 942 | _cENGLISH | ||
| 999 |
_c181323 _d181323 |
||